| 000 | 02177cam a2200505 i 4500 | ||
|---|---|---|---|
| 001 | on1196244052 | ||
| 003 | TZ-ArACH | ||
| 005 | 20221007123146.0 | ||
| 008 | 200920s2020 xxkacf 001 0aeng d | ||
| 015 |
_aGBC0E1973 _2bnb |
||
| 016 | 7 |
_a019947820 _2Uk |
|
| 020 |
_a9780241491515 _q(hardback) |
||
| 020 |
_a0241491517 _q(hardback) |
||
| 020 |
_z9780241991411 _q(ePub ebook) |
||
| 035 | _a(OCoLC)1196244052 | ||
| 040 |
_aYDX _beng _erda _cTZ-ArACH |
||
| 043 | _an-us--- | ||
| 049 | _aTZAA | ||
| 050 | 4 |
_aE908 _b.O25 2020 |
|
| 100 | 1 |
_aObama, Barack, _eauthor. |
|
| 245 | 1 | 2 |
_aPromised land / _cBarack Obama. |
| 260 |
_aLondon : _bPenguin Books, _c2020. |
||
| 300 |
_axvi, 751 pages, 32 unnumbered pages of plates : _billustrations (chiefly colour), portraits (chiefly colour) ; _c25 cm |
||
| 500 | _aIncludes index. | ||
| 505 | 0 | _apart 1. The bet -- part 2. Yes we can -- part 3. Renegade -- part 4. The good fight -- part 5. The world as it is -- part 6. In the barrel -- part 7. On the high wire. | |
| 520 | _a"In the stirring highly anticipated first volume of his presidential memoirs, Barack Obama tells the story of his improbable odyssey from young man searching for his identity to leader of the free world, describing in striking personal detail both his political education and the landmark moments of the first term of his historic presidency--a time of dramatic transformation and turmoil"--Flap of jacket | ||
| 600 | 1 | 0 | _aObama, Barack. |
| 600 | 1 | 7 |
_aObama, Barack. _2fast |
| 648 | 7 |
_a2009-2017 _2fast |
|
| 650 | 0 |
_aPresidents _zUnited States _vBiography. |
|
| 650 | 7 |
_aBiography. _2eflch _99075 |
|
| 650 | 7 |
_aPolitics and government. _2fast |
|
| 650 | 7 |
_aPresidents. _2fast |
|
| 650 | 7 |
_aBiography. _2ukslc _99075 |
|
| 651 | 0 |
_aUnited States _xPolitics and government _y2009-2017. |
|
| 651 | 6 |
_a�Etats-Unis _xPolitique et gouvernement _y2009-2017. |
|
| 651 | 7 |
_aUnited States. _2fast |
|
| 655 | 2 | _aAutobiography | |
| 655 | 7 |
_aAutobiographies. _2fast |
|
| 655 | 7 |
_aBiographies. _2fast _99335 |
|
| 655 | 7 |
_aAutobiographies. _2lcgft |
|
| 655 | 7 |
_aAutobiographies. _2rvmgf |
|
| 776 | 0 | 8 |
_iEbook version : _z9780241991411 |
| 942 |
_2lcc _cBOOK |
||
| 999 |
_c6752 _d6752 |
||